Sports Quiz

Random Sports Quiz

Top XIs: Primeira Liga (2012-13) Quiz Stats

 Plays Quiz not verified by Sporcle

Challenge
Share
Tweet
Embed
Score 0/176 Timer 20:00
0 Plays Today
Club Player % Correct
Académica CoimbraBruno China
71.4%
Académica CoimbraCleyton
71.4%
Académica CoimbraEdinho
71.4%
SL BenficaMaxi Pereira
71.4%
SL BenficaLuisão
71.4%
SL BenficaEzequiel Garay
71.4%
SL BenficaÓscar Cardozo
71.4%
SC Beira-MarNuno Lopes
71.4%
SC Beira-MarHélder Lopes
71.4%
GD Estoril PraiaVagner
71.4%
GD Estoril PraiaÂnderson Luís
71.4%
Gil Vicente FCLuís Manuel
71.4%
Gil Vicente FCLuís Carlos
71.4%
CD NacionalClaudemir
71.4%
SC OlhanenseAndré Micael
71.4%
FC Paços de FerreiraTony
71.4%
FC Paços de FerreiraRicardo
71.4%
FC Paços de FerreiraVítor Silva
71.4%
FC Porto Helton
71.4%
FC Porto Danilo
71.4%
FC Porto Alex Sandro
71.4%
FC Porto James Rodríguez
71.4%
FC Porto João Moutinho
71.4%
FC Porto Silvestre Varela
71.4%
FC Porto Jackson Martínez
71.4%
Sporting CPRui Patrício
71.4%
Sporting CPMiguel Lopes
71.4%
Sporting CPAdrien Silva
71.4%
Sporting CPRicky van Wolfswinkel
71.4%
SC BragaAlan
71.4%
SC BragaÉder
71.4%
Vitória Guimarães SCRicardo Pereira
71.4%
Académica CoimbraReiner Ferreira
57.1%
SL BenficaArtur Moraes
57.1%
SL BenficaToto Salvio
57.1%
SL BenficaNemanja Matić
57.1%
SL BenficaEnzo Pérez
57.1%
SL BenficaLorenzo Melgarejo
57.1%
SL BenficaLima
57.1%
Gil Vicente FCLuís Martins
57.1%
SC OlhanenseRafael Bracali
57.1%
SC OlhanenseLuís Filipe
57.1%
SC OlhanenseVasco Fernandes
57.1%
FC Porto Nicolás Otamendi
57.1%
FC Porto Eliaquim Mangala
57.1%
FC Porto Fernando
57.1%
FC Porto Lucho González
57.1%
Sporting CPCédric Soares
57.1%
Sporting CPAndré Carrillo
57.1%
Sporting CPDiego Capel
57.1%
SC BragaCustódio
57.1%
Académica CoimbraWilson Eduardo
42.9%
SC Beira-MarNildo Petrolina
42.9%
GD Estoril PraiaGonçalo Santos
42.9%
GD Estoril PraiaCarlos Eduardo
42.9%
Gil Vicente FCHalisson
42.9%
CS MarítimoDanilo Dias
42.9%
CD NacionalEduardo Gottardi
42.9%
CD NacionalRevson
42.9%
Club Player % Correct
FC Paços de FerreiraJosué Pesqueira
42.9%
Sporting CPMarcos Rojo
42.9%
SC BragaDouglão
42.9%
SC BragaHugo Viana
42.9%
SC BragaRúben Amorim
42.9%
Vitória Guimarães SCPaulo Oliveira
42.9%
Vitória Setúbal FCJorge Luiz
42.9%
Vitória Setúbal FCNey Santos
42.9%
Vitória Setúbal FCPedro Santos
42.9%
Vitória Setúbal FCCristiano
42.9%
Rio Ave FCUkra
42.9%
Rio Ave FCWíres
42.9%
Académica CoimbraFlávio Ferreira
28.6%
Académica CoimbraHélder Cabral
28.6%
Académica CoimbraMarinho
28.6%
SL BenficaJardel
28.6%
GD Estoril PraiaJefferson Nascimento
28.6%
GD Estoril PraiaCarlitos
28.6%
GD Estoril PraiaLuís Leal
28.6%
GD Estoril PraiaLica
28.6%
CS MarítimoBriguel
28.6%
CS MarítimoRomain Salin
28.6%
CS MarítimoRúben Ferreira
28.6%
Moreirense FCVinicius
28.6%
CD NacionalMexer
28.6%
CD NacionalMoreno
28.6%
CD NacionalMateus
28.6%
SC OlhanenseNuno Reis
28.6%
SC OlhanenseRui Duarte
28.6%
Sporting CPJoãozinho
28.6%
Sporting CPFabián Rinaudo
28.6%
SC BragaBeto
28.6%
SC BragaPaulo Vinícius
28.6%
SC BragaElderson
28.6%
SC BragaMossoró
28.6%
Vitória Guimarães SCAndré André
28.6%
Vitória Guimarães SCTiago Rodrigues
28.6%
Rio Ave FCFilipe Augusto
28.6%
Rio Ave FCNivaldo
28.6%
Rio Ave FCMarcelo
28.6%
Académica CoimbraRicardo Nunes
14.3%
Académica CoimbraRodrigo Galo
14.3%
Académica CoimbraMakelele
14.3%
SC Beira-MarHugo Vieira
14.3%
SC Beira-MarRúben Ribeiro
14.3%
GD Estoril PraiaSteven Vitória
14.3%
Gil Vicente FCAdriano Facchini
14.3%
Gil Vicente FCCláudio
14.3%
Gil Vicente FCCésar Peixoto
14.3%
Gil Vicente FCAndré Cunha
14.3%
Gil Vicente FCBrito
14.3%
Gil Vicente FCKalidou Yero
14.3%
CS MarítimoDavid Simão
14.3%
Moreirense FCRicardo Ribeiro
14.3%
Moreirense FCAugusto
14.3%
Moreirense FCFilipe Gonçalves
14.3%
Moreirense FCPintassilgo
14.3%
Moreirense FCNabil Ghilas
14.3%
CD NacionalManuel da Costa
14.3%
Club Player % Correct
SC OlhanenseFernando Alexandre
14.3%
SC OlhanenseTiago Targino
14.3%
FC Paços de FerreiraLuíz Carlos
14.3%
FC Paços de FerreiraCícero Semedo
14.3%
Sporting CPEmiliano Insúa
14.3%
SC BragaLeandro Salino
14.3%
Vitória Guimarães SCDouglas
14.3%
Vitória Guimarães SCAlex Costa
14.3%
Vitória Guimarães SCIssam El Adoua
14.3%
Vitória Guimarães SCDavid Addy
14.3%
Vitória Guimarães SCLeonel Olímpio
14.3%
Vitória Guimarães SCEl Arabi Hillel Soudani
14.3%
Vitória Guimarães SCAmido Baldé
14.3%
Vitória Setúbal FCMiguel Lourenço
14.3%
Vitória Setúbal FCBruno Amaro
14.3%
Vitória Setúbal FCAlbert Meyong
14.3%
Rio Ave FCAhmed Hassan
14.3%
Rio Ave FCBruno Braga
14.3%
Rio Ave FCTarantini
14.3%
Rio Ave FCEdimar
14.3%
Rio Ave FCJan Oblak
14.3%
SC Beira-MarRui Rêgo
0%
SC Beira-MarJaime Simões
0%
SC Beira-MarBura
0%
SC Beira-MarVincent Sasso
0%
SC Beira-MarDavid Fleurival
0%
SC Beira-MarJavier Balboa
0%
GD Estoril PraiaDiogo Amado
0%
GD Estoril PraiaEvandro
0%
Gil Vicente FCJoão Vilela
0%
CS MarítimoMárcio Rosário
0%
CS MarítimoValentin Roberge
0%
CS MarítimoRafael Miranda
0%
CS MarítimoHéldon
0%
CS MarítimoSuk Hyun-Jun
0%
CS MarítimoSami
0%
Moreirense FCRicardo Pessoa
0%
Moreirense FCDiego Gaúcho
0%
Moreirense FCAnilton Júnior
0%
Moreirense FCWagner
0%
Moreirense FCFábio Espinho
0%
CD NacionalJoão Aurélio
0%
CD NacionalMarçal
0%
CD NacionalDaniel Candeias
0%
CD NacionalMario Rondón
0%
SC OlhanenseBabanco
0%
SC OlhanenseJander
0%
SC OlhanenseLiban Abdi
0%
FC Paços de FerreiraCássio
0%
FC Paços de FerreiraTiago Valente
0%
FC Paços de FerreiraDiogo Figueiras
0%
FC Paços de FerreiraAndré Leão
0%
FC Paços de FerreiraPaolo Hurtado
0%
Vitória Setúbal FCPaweł Kieszek
0%
Vitória Setúbal FCPedro Queirós
0%
Vitória Setúbal FCNélson Pedroso
0%
Vitória Setúbal FCPaulo Tavares
0%
Rio Ave FCLionn
0%

You're not logged in!

Compare scores with friends on all Sporcle quizzes.
Join for Free
OR
Log In

You Might Also Like...

Show Comments

Extras

Top Quizzes Today


Score Distribution

Your Account Isn't Verified!

In order to create a playlist on Sporcle, you need to verify the email address you used during registration. Go to your Sporcle Settings to finish the process.

Report this User

Report this user for behavior that violates our Community Guidelines.

Details: